Sehenswürdigkeiten in Deutschland nach Bildern – Sudden Death - Statistiken

Allgemein
  • Dieses Quiz wurde 18.721 mal gespielt
  • Das Durchschnittsergebnis liegt bei 9 aus 16
Answers on the Grid
Answers color-coded by a green-red scale on the quiz's grid according to % correct below.
Beispielbild
Beispielbild
Beispielbild
Beispielbild
Beispielbild
Beispielbild
Beispielbild
Beispielbild
Beispielbild
Beispielbild
Beispielbild
Beispielbild
Beispielbild
Beispielbild
Beispielbild
Beispielbild
Beispielbild
Beispielbild
Beispielbild
Beispielbild
Beispielbild
Beispielbild
Beispielbild
Beispielbild
 
Antwortstatistiken
Antwort % Korrekt
Kölner Dom Beispielbild
84%
Schloss Neuschwanstein Beispielbild
83%
Brandenburger Tor, Berlin Beispielbild
81%
Elbphilharmonie, Hamburg Beispielbild
80%
Römer, Frankfurt am Main Beispielbild
70%
Burg Eltz Beispielbild
65%
Bamberger Rathaus Beispielbild
63%
Holstentor, Lübeck Beispielbild
63%
St. Batholomä am Königssee Beispielbild
43%
Bodemuseum (Museumsinsel), Berlin Beispielbild
43%
Frauenkirche, Dresden Beispielbild
41%
Porta Nigra, Trier Beispielbild
38%
Neuer Zollhof, Düsseldorf Beispielbild
36%
Europäische Zentralbank, Frankfurt am Main Beispielbild
35%
von Lindau am Bodensee Beispielbild
35%
Chinesischer Turm, München Beispielbild
25%
Keine übereinstimmenden Quizze gefunden
Verteilung der Resultate
Anzahl Personen mit jedem Resultat
Perzentil nach korrekt beantworteten Fragen
Ihre Resultats-Entwicklung
Sie haben dieses Quiz noch nicht gespielt